Der Bote aus dem All: Erzählungen sowjetischer Schriftsteller; Hoity-Toity; Der bote aus dem all; Der Fremde; Spontaner reflex; Infra des drachen; Professor Berns Auferstehen
| Övriga upphovsmän: | |
|---|---|
| Språk: | tyska |
| Publicerad: |
Moskau, Verlag für fremdsprachige Literatur, [1971]
|
| TOC: | A. Beljajev, Hoity-Toity; A. Kazanzew, Der bote aus dem all; A. Kazanzew, Der Fremde; A. Strugazki, B. Strugazki, Spontaner reflex; G. Gurewitsch, Infra des drachen; W. Sawtschenko, Professor Berns Auferstehen; |
| Serie: | Wissenschaftliche Phantastik |
| Ämnen: | |
| Materialtyp: | MixedMaterials Bok |
| KOHA link: | https://koha.lib.tpu.ru/cgi-bin/koha/opac-detail.pl?biblionumber=362589 |
MARC
| LEADER | 00000nam0a2200000 4500 | ||
|---|---|---|---|
| 001 | 362589 | ||
| 005 | 20240823150717.0 | ||
| 035 | |a (RuTPU)RU\TPU\retro\19935 | ||
| 090 | |a 362589 | ||
| 100 | |a 20210806d1971 m||y1gery50 ba | ||
| 101 | 1 | |a ger |c rus | |
| 102 | |a RU | ||
| 105 | |a y z 000ay | ||
| 181 | 0 | |b e | |
| 182 | 0 | |a n | |
| 183 | 0 | |a nc |2 RDAcarrier | |
| 200 | 1 | |a Der Bote aus dem All |e Erzählungen sowjetischer Schriftsteller |f Buchschmuck von N. Grischin | |
| 210 | |a Moskau |c Verlag für fremdsprachige Literatur |d [1971] | ||
| 215 | |a 189, [3] S. | ||
| 225 | 1 | |a Wissenschaftliche Phantastik | |
| 316 | |5 63413507: М-83287 |a На титульном листе и на с. 85 дарственная надпись: "ТПИ - А. Казанцев 3-3-71" | ||
| 317 | |5 63413507: М-83287 |a Поступил в НТБ в дар от А. П. Казанцева | ||
| 464 | |t Hoity-Toity |f A. Beljajev | ||
| 464 | |t Der bote aus dem all |f A. Kazanzew | ||
| 464 | |t Der Fremde |f A. Kazanzew | ||
| 464 | |t Spontaner reflex |f A. Strugazki, B. Strugazki | ||
| 464 | |t Infra des drachen |f G. Gurewitsch | ||
| 464 | |t Professor Berns Auferstehen |f W. Sawtschenko | ||
| 541 | 1 | |a Гости из космоса |z rus | |
| 606 | 1 | |a Русская литература современная |2 stltpush |3 (RuTPU)RU\TPU\subj\26373 |9 50316 | |
| 610 | 1 | |a Коллекция А. П. Казанцева | |
| 610 | 1 | |a выпускники ТПИ | |
| 610 | 1 | |a дарственные надписи | |
| 610 | 1 | |a дары автора | |
| 610 | 1 | |a дары библиотеке | |
| 610 | 1 | |a научная фантастика | |
| 610 | 1 | |a фантастические рассказы | |
| 610 | 1 | |a немецкий язык | |
| 675 | |a Р2 |v 4 | ||
| 702 | 1 | |a Gruschin |b N. |4 130 | |
| 801 | 1 | |a RU |b 63413507 |c 20210806 | |
| 801 | 2 | |a RU |b 63413507 |c 20210806 |g RCR | |
| 942 | |c BK | ||